It's not me, it's you : (Record no. 379725)
[ view plain ]
| 000 -LEADER | |
|---|---|
| fixed length control field | 01734cam a22004218i 4500 |
| 001 - CONTROL NUMBER | |
| control field | on1298710870 |
| 003 - CONTROL NUMBER IDENTIFIER | |
| control field | OCoLC |
| 005 - DATE AND TIME OF LATEST TRANSACTION | |
| control field | 20221221112742.0 |
| 008 - FIXED-LENGTH DATA ELEMENTS--GENERAL INFORMATION | |
| fixed length control field | 220202s2022 nyu e 000 0 eng |
| 010 ## - LIBRARY OF CONGRESS CONTROL NUMBER | |
| LC control number | 2022003867 |
| 020 ## - INTERNATIONAL STANDARD BOOK NUMBER | |
| International Standard Book Number | 9780063206311 |
| Qualifying information | (hardcover) |
| 020 ## - INTERNATIONAL STANDARD BOOK NUMBER | |
| International Standard Book Number | 0063206315 |
| Qualifying information | (hardcover) |
| 035 ## - SYSTEM CONTROL NUMBER | |
| System control number | (OCoLC)1298710870 |
| Canceled/invalid control number | (OCoLC)1287992478 |
| -- | (OCoLC)1288026001 |
| -- | (OCoLC)1288138044 |
| -- | (OCoLC)1298209252 |
| -- | (OCoLC)1334493312 |
| 040 ## - CATALOGING SOURCE | |
| Original cataloging agency | DLC |
| Language of cataloging | eng |
| Description conventions | rda |
| Transcribing agency | DLC |
| Modifying agency | OCLCO |
| -- | OCLCF |
| -- | OCLCO |
| -- | CNWPU |
| -- | YDX |
| -- | BDX |
| -- | IK2 |
| -- | OI6 |
| -- | RNL |
| -- | UAP |
| -- | UOK |
| 042 ## - AUTHENTICATION CODE | |
| Authentication code | pcc |
| 049 ## - LOCAL HOLDINGS (OCLC) | |
| Holding library | UOKA |
| 050 00 - LIBRARY OF CONGRESS CALL NUMBER | |
| Classification number | HQ801 |
| Item number | .K5228 2022 |
| 082 00 - DEWEY DECIMAL CLASSIFICATION NUMBER | |
| Classification number | 306.7 |
| Edition number | 23/eng/20220217 |
| 092 ## - LOCALLY ASSIGNED DEWEY CALL NUMBER (OCLC) | |
| Classification number | General Nonfiction |
| Item number | Kim, John & Bennett, Vanessa |
| 999 ## - SYSTEM CONTROL NUMBERS (KOHA) | |
| Koha Dewey Subclass [OBSOLETE] | 03794859 |
| 100 1# - MAIN ENTRY--PERSONAL NAME | |
| Personal name | Kim, John |
| Titles and other words associated with a name | (Psychologist) |
| Relator term | author. |
| 9 (RLIN) | 6460002 |
| 245 10 - TITLE STATEMENT | |
| Title | It's not me, it's you : |
| Remainder of title | break the blame cycle. Relationship better / |
| Statement of responsibility, etc | John Kim, Vanessa Bennett. |
| 246 30 - VARYING FORM OF TITLE | |
| Title proper/short title | It is not me, it is you |
| 250 ## - EDITION STATEMENT | |
| Edition statement | First edition. |
| 264 #1 - Production, Publication, Distribution, Manufacture, and Copyright Notice. | |
| Place of production, publication, distribution, manufacture | New York, NY : |
| Name of producer, publisher, distributor, manufacturer | HarperOne, an imprint of HarperCollinsPublishers, |
| Date of production, publication, distribution, manufacture, or copyr | [2022] |
| 300 ## - PHYSICAL DESCRIPTION | |
| Extent | xvi, 269 pages ; |
| Dimensions | 22 cm |
| 336 ## - Content Type | |
| Content type term | text |
| 337 ## - Media type | |
| Media type term | unmediated |
| 338 ## - Carrier type | |
| Carrier type term | volume |
| 520 ## - SUMMARY, ETC. | |
| Summary, etc | "Two therapists dissect their own relationship in a refreshing and helpful book teaching us not only how to be better partners, but also how to better accept and heal ourselves to receive and give love"-- |
| 650 #0 - SUBJECT ADDED ENTRY--TOPICAL TERM | |
| Topical term or geographic name as entry element | Man-woman relationships |
| 650 #0 - SUBJECT ADDED ENTRY--TOPICAL TERM | |
| Topical term or geographic name as entry element | Interpersonal relations |
| 650 #0 - SUBJECT ADDED ENTRY--TOPICAL TERM | |
| Topical term or geographic name as entry element | Interpersonal conflict |
| 650 #0 - SUBJECT ADDED ENTRY--TOPICAL TERM | |
| Topical term or geographic name as entry element | Couples |
| General subdivision | Psychology |
| 9 (RLIN) | 100257 |
| 655 #7 - INDEX TERM--GENRE/FORM | |
| Genre/form data or focus term | Self-help publications |
| Source of term | lcgft |
| 9 (RLIN) | 5768964 |
| 700 1# - ADDED ENTRY--PERSONAL NAME | |
| Personal name | Bennett, Vanessa |
| Relator term | author. |
| 9 (RLIN) | 6460003 |
| 942 ## - ADDED ENTRY ELEMENTS (KOHA) | |
| Source of classification or shelving scheme | Dewey Decimal Classification |
| Koha item type | BOOK |
| Withdrawn status | Lost status | Source of classification or shelving scheme | Damaged status | Not for loan | Collection code | Home library | Current library | Shelving location | Date acquired | Source of acquisition | Total Checkouts | Total Renewals | Full call number | Barcode | Date last seen | Date checked out | Cost, replacement price | Price effective from | Koha item type |
|---|---|---|---|---|---|---|---|---|---|---|---|---|---|---|---|---|---|---|---|
| Dewey Decimal Classification | General NonFiction | Wasatch County Library | Wasatch County Library | Second Floor | 12/21/2022 | Micromarketing | 2 | 3 | 306.7 Kim | 34301001897513 | 03/03/2026 | 10/01/2024 | 24.99 | 12/21/2022 | BOOK |
